MDQL
is popping MORE tags! Check the
thread
!
Quizzes
Events
Quiz Creation
Community
Videos
Private Events
Remove Ads
Sign In
Join for FREE
Feedback
Dark Mode
Quiz Categories
Sports
Geography
Music
Movies
Television
Just For Fun
Miscellaneous
History
Literature
Language
Science
Gaming
Entertainment
Religion
Holiday
For Kids
Quiz Lab
Recent
Popular Today
Quiz Kudos Today
Editor Picks
Curator Picks
Quizzes by...
Day
Popularity
Type
Ratings
Length
Year
Community
Subscriptions
Recent Discussions
Orange Saloon
Badges
Playlists
Quests
Create
Leaderboards
Showdown
Live 5
Trivia Bingo
Activity
Puzzle Library
Sporcle Events
Private Events
Virtual Trivia
Globe League
Become a Host
Pub Owners
SporcleCon
Opinionation
Our Games
Videos
Blog
Mobile Apps
Partnerships
Remove Ads and Go Orange
Feedback
Gaming
Video Games
Board Games
Card Games
Pokémon
Mario
Nintendo
Minecraft
Console
Toys
Legend of Zelda
Gaming
Video Games
Board Games
Card Games
Pokémon
Mario
Nintendo
Minecraft
Console
Toys
Legend of Zelda
Random Quiz
Search Sporcle
×
Quiz Lab
Quiz Lab
Gaming
Quote
Type in answers that appear in a list
Type in answers that appear in a list
Classic
Best Score? Go Orange.
CD-i Quotes Stats
Can you name the end of these CD-i quotes?
By
Aviator99
4m
14 Questions
142 Plays
142 Plays
142 Plays
Comments
Comments
Give Quiz Kudos
Give Quiz Kudos
-
- Ratings
hide this ad
Replay
Link that replays current quiz
Next Quiz
Link to next quiz in quiz playlist
You Got
0%
They Got
Avg Score
71%
Avg Friend Score
Upgrade to see
Score Distribution
Jump to the score distribution portion of the page
Score
0/14
Timer
04:00
0
Plays Today
Quote
The rest of it
% Correct
My boy, this peace is...
what all true warriors strive for
84.5%
You know what they say...
all toasters toast toast
81.7%
I hope she made...
lots of spaghetti
81.7%
Lamp oil? Ropes? BOMBS? You want it? It's...
yours my friend
80.3%
Squadalah!
We're off!
80.3%
I just wonder...
what Gannon is up to
78.2%
It sure was nice of the princess to invite us on a picnic...
eh Luigi?
73.9%
Quote
The rest of it
% Correct
YOU DARE BRING LIGHT TO MAH LAIR?!?
YOU MUST DIE!!!!!
71.1%
If you need instructions on how to get through the hotels, just check out...
the enclosed instruction book
69%
Come back when you're...
a little, mmm, richer
64.8%
I wonder what's...
for dinner
64.8%
I can't wait...
to bomb some Dodongos!
63.4%
Gee, it's kinda...
dark
56.3%
Looks are decieving...
when koopas are involved
47.2%
Quiz Playlist
Details
Report
Send in Message
Add To Playlist
Classic:
Type in answers that appear in a list
Last Updated: Feb 16, 2017
Quiz Scoreboard
CHALLENGE
Sign Up to Join the Scoreboard
Show All
Scores
Hide
Comments
May contain spoilers
Recently Published
Holiday 10x10 Sorting Gallery
by lukepisani3
Holiday
15m
Two Season TV Shows II
by 123Four
Television
10m
Image Sorting: Flags VI
by Barbecue
Geography
2m
More to Explore
Quiz From the Vault
Featured Blog Post
14 Easter Pick-up Lines to Find Eggs With
hide this ad
You Might Also Like...
Tags
Quote Quiz
rest
Today's Top Quizzes in Gaming
Browse Gaming
hide this ad
Today's Top Quizzes in Quote
Browse Quote
Top Contributed Quizzes in Gaming
1
League of Legends Pro Players by Career/Team History
2
Genshin Impact Logic Puzzle
3
Destiny 2 exotic weapons by perk icons
4
Genshin murder mystery
5
4x4 Decades: Video Games
6
Genshin Impact Logic Puzzle Quiz
7
Ultimate Genshin Impact Logic Puzzle (up to 4.3)
8
Dead By Daylight Logic Puzzle
9
Who's on the WWE 2K24 Cover?
10
Overwatch Logic Puzzle
Explore More
Trending Topics
Crossword
Harry Potter
Kpop
Anime
NBA
Disney
Marvel
NFL
Soccer
The Office
Song
Puzzle
WWE
Pokémon
Country
hide this ad
More By:
Aviator99
Quiz
Plays
Rating
Category
Featured
Created
Paper Mario (1 & 2) Boss Medley
1,236
4.31
Gaming
Aug 1, 2010
Mario Kart Course Anagrams
657
3.13
Gaming
Mar 15, 2010
Mario 3D Medley
460
4.44
Gaming
Apr 19, 2010
Sonic 3D Medley
323
4.00
Gaming
Apr 10, 2010
Plants vs Zombies Almanac
167
4.50
Gaming
Aug 22, 2010
Go to Creator's Profile
Score Distribution
Quiz Creator Spotlight
Aviator99
Follow
Send a Message
Quizzes Created
-
Created Quiz Play Count
-
More By This Creator
Popular Quizzes Today
1
Find the US States - No Outlines Minefield
2
Colored Red Africa Blitz
3
Find the 'City' Movie
4
The Countries of the World
5
5x2 Blitz: Bands
6
Find the Countries of Europe - No Outlines Minefield
7
Find the US States
8
US States
More Gaming Quizzes
Click the Normal Pokémon (Gen. 1)
Published
Trending Quizzes
Colored Red Europe Blitz I
Colored Red Europe Blitz II
Colored Red Africa Blitz II
Even More Two Season TV Shows
Colored Red Africa Blitz III
Recently Updated
Odd Team Out - Big 4 Players
pecheneg
Quick Pick: 20 Twenties
pecheneg
March Madness Men's Triple Doubles
pecheneg
How Do You Spell That?
pecheneg
Godzilla Movies
pecheneg
Grab Bag: 4-10 Letters
pecheneg
2024 March Madness Bracket
pecheneg
Famous TV Couples
Peacemaker
Champions League XIs: Real Madrid
pecheneg
Largest US Cities 1790-2010
pecheneg
Trending Topics
Crossword
Kpop
NBA
Anime
Marvel
Harry Potter
Disney
NFL
Song
Pokémon
Soccer
Puzzle
Country
WWE
The Office
Your Account Isn't Verified!
In order to create a playlist on Sporcle, you need to verify the email address you used during registration. Go to your
Sporcle Settings
to finish the process.
Report this User
Report this user for behavior that violates our
Community Guidelines
.
Details:
Send Report
Go to the Sporcle.com Mobile Site →
Comments